Shared prosperity : paving the way in Europe and Central Asia /

Saved in:
Bibliographic Details
Main Author: Bussolo, Maurizio, 1964-
Other Authors: López-Calva, Luis Felipe.
Format: Book
Language:English
Published: Washington, DC : World Bank, c2014.
Series:Europe and Central Asia studies.
Subjects:
Tags: Add Tag
No Tags, Be the first to tag this record!
LEADER 02929cam a2200433Ia 4500
001 014108564-9
005 20140708224948.0
008 140403s2014 dcuab b 000 0 eng d
020 |a 9781464802300 
020 |a 1464802300 
035 0 |a ocn875645003 
035 |a (PromptCat)40023747473 
040 |a YDXCP  |b eng  |c YDXCP  |d BTCTA  |d OCLCO  |d TJC 
043 |a ee-----  |a ac----- 
050 4 |a HC244  |b .B87 2014 
082 0 4 |a 338.947  |2 23 
100 1 |a Bussolo, Maurizio,  |d 1964- 
245 1 0 |a Shared prosperity :  |b paving the way in Europe and Central Asia /  |c Maurizio Bussolo and Luis F. Lopez-Calva. 
246 3 0 |a Paving the way in Europe and Central Asia 
260 |a Washington, DC :  |b World Bank,  |c c2014. 
300 |a xiii, 93 p. :  |b col. ill., col. map ;  |c 27 cm. 
490 1 |a Europe and Central Asia studies 
500 |a Includes errata sheet. 
504 |a Includes bibliographical references. 
505 0 0 |g Machine generated contents note:  |t Executive Summary --  |t What Is the Trend in Shared Prosperity in the Region? --  |t How Is Shared Prosperity Achieved? What Are Its Determinants? --  |t Who Are the People in the Bottom 40 in the Region? --  |t What Can We Do to Boost Shared Prosperity? --  |t References --  |g 1.  |t Introduction --  |t Notes --  |t References --  |g 2.  |t Shared Prosperity in Europe and Central Asia: Recent Trends --  |t Note --  |t References --  |g 3.  |t The Drivers of Shared Prosperity --  |t An Asset-Based Framework --  |t Labor Market Income, Nonmarket Income, and Growth Incidence --  |t Notes --  |t References --  |g 4.  |t Structural and Cyclical Variables within the Framework --  |t Periods of Steady Growth and Periods of Economic Cycles --  |t Economic Structure and Growth Opportunities among the Bottom 40 
505 0 0 |g Annex 4A  |t Income Growth Rates, the Bottom 40 --  |g Annex 4B  |t The Social Accounting Matrix Model --  |t Notes --  |t References --  |g 5.  |t The Sustainability Dimension --  |t Economic Sustainability --  |t Social Sustainability --  |t Environmental Sustainability --  |t Note --  |t References --  |g 6.  |t Policy Links --  |t Macroeconomic Management --  |t Tax Structure and Fiscal Spending --  |t Government Institutional Capacity for Efficient Service Delivery --  |t Risk Management --  |t Enabling Well-Functioning Markets and a Favorable Business Environment --  |t Using the Policy Matrix to Design Policies in a Different Way --  |t Notes --  |t References --  |g 7.  |t Concluding Remarks. 
650 0 |a Economic development  |z Europe, Eastern. 
650 0 |a Economic development  |z Asia, Central. 
651 0 |a Europe, Eastern  |x Economic conditions  |y 1989- 
651 0 |a Asia, Central  |x Economic conditions  |y 1991- 
650 0 |a Income distribution  |z Europe, Eastern. 
650 0 |a Income distribution  |z Asia, Central. 
651 0 |a Europe, Eastern  |x Economic policy. 
651 0 |a Asia, Central  |x Economic policy. 
700 1 |a López-Calva, Luis Felipe. 
830 0 |a Europe and Central Asia studies. 
899 |a 415_566010 
988 |a 20140708 
906 |0 OCLC